000 02039camaa2200457Mu 4500
003 PE-LiUPU
005 20250731183343.0
008 930329s1991 sp 000 0 spa d
020 _a8425215021
020 _a9788425215025
035 _a(Sirsi) i9788425215025
040 _aPE-LiUPU
_bspa
_cPE-LiUPU
_erda
049 _aPRUA
082 0 4 _a720.92
_bA66
245 0 0 _aArata Isozaki
_h[Texto impreso]
_b: Arquitectura : 1960-1990
_c/ textos de David B. Stewart, Hajime Yatsuka ; versión castellana Joaquim Romaguera i Ramió.
264 _aBarcelona
_bGustavo Gili
_c1991.
300 _a304 páginas. :
_bilustraciones. ;
_c28 centímetros
336 _atext
_2rdacontent
337 _aunmediated
_2rdamedia
338 _avolume
_2rdacarrier
500 _aTraducción de: Arata Isozaki. Architecture 1960-1990.
504 _aBibliografía: páginas. 296-298.
505 _aPrefacio, por Richard Koshakel -- Dioses y hombres, por David B. Stewart -- Arata Isozaki despues de 1980: del manierismo al pintoresquismo, por Hajime Yatsuka -- Obras y proyectos 1960 - 1990 -- Apéndices.
526 _aP158
526 _aP146
526 _aP17
526 _aP12
526 _aP06
600 1 7 _aIsozaki, Arata
_d(1931-)
_2embne
650 1 4 _aArquitectura moderna
_ySiglo XX
_zJapón.
700 1 _aRomaguera i Ramió, Joaquim
_d1941-2006.
700 1 _aStewart, David B.
700 1 _aYatsuka, Hajime.
910 _ajck
_bbpc
_cbpc
_d20160512
942 _2ddc
_cBOOK
949 _a720.92 A66
_wDEWEY
_c1
_i72834
_lCCODEBUL1
_mBUL
_p449.96
_r0
_sY
_tBOOK
_u2016-5-12
_xINGENIERIA
_PP06
_0COMPRA
_o.CIRCNOTE. El documento es de alto precio.
_o.STAFF. Colección General
994 _aC0
_bPEPRU
596 _a1
999 _a720.92 A66
_wDEWEY
_c9357
_i72834
_f2021-11-9
_g7
_lCCODEBUL1
_mBUL
_p449.96
_r0
_sY
_tBOOK
_u2016-5-12
_xINGENIERIA
_PP06
_0COMPRA
_o.CIRCNOTE. El documento es de alto precio.
_o.STAFF. Colección General
_d9357
980 _81
_gALBERTO SANCHEZ Responsable de Automatización